000 01207cam a2200349 a 4500
001 4173
003 FISKH
005 20240625134306.0
008 900518s1990 ilua j 001 0 eng
010 _a 90002205
020 _a0516049054
040 _aDLC
_cDLC
_dDLC
_beng
050 _aQL467.F68
082 _a595.7
100 1 _aFowler, Allan.
245 1 0 _aIt's a good thing there are insects /
_cby Allan Fowler ; images supplied by VALAN Photos and Jeffrey L. Rotman ; consultants, Robert L. Hillerich, Mary Nalbandian.
250 _aFirst Scholastic printing, December 2001
260 _aNew York :
_bScholastic,
_c1990
300 _a31 pages :
_bcolor illustrations ;
_c18 cm
490 _aRookie read-about science
505 _aG
520 _aIdentifies the characteristics of insects and describes some of their useful activities and products.
521 8 _a380
_bLexile
521 8 _aG
_bRaz-Plus
650 0 _aInsects
_xJuvenile literature.
650 1 _aInsects.
700 _aPhotos, Valan
_ePhotographer
700 _aRotman, Jefferey L.
_ePhotographer
906 _a7
_bcbc
_corignew
_d1
_eocip
_f19
_gy-gencatlg
942 _2ddc
_cBK
_n0
999 _c4173
_d4173